Loading...
| Literature - British | 0 | 4 | 0 | 1 | 40 | 88 | 118.00 | 0 | 0 | 8.23 | 16.50 |
| Literature - European | 0 | 4 | 0 | 0 | 40 | 95 | 116.50 | 0 | 0 | 6.37 | 17.17 |
| Science - Physics | 0 | 3 | 0 | 0 | 30 | 47 | 67.33 | 1 | 1 | 13.74 | 21.83 |
| History - World | 0 | 2 | 0 | 0 | 20 | 79 | 85.50 | 0 | 1 | 5.95 | 16.67 |
| Literature - American | 0 | 2 | 0 | 0 | 20 | 86 | 92.50 | 0 | 0 | 7.47 | 11.83 |
| Social Science | 0 | 2 | 0 | 0 | 20 | 77 | 94.00 | 0 | 1 | 2.97 | 17.00 |
| Fine Arts - Painting and Sculpture | 0 | 2 | 0 | 1 | 20 | 124 | 130.50 | 0 | 0 | 0.00 | 10.83 |
| Popular Culture | 0 | 2 | 0 | 1 | 20 | 39 | 88.50 | 0 | 1 | 23.48 | 30.56 |
| History - American | 0 | 2 | 0 | 0 | 20 | 77 | 99.50 | 0 | 0 | 3.06 | 14.00 |
| Philosophy | 0 | 2 | 1 | 0 | 15 | 78 | 81.50 | 0 | 2 | 5.25 | 13.33 |
| Fine Arts - Classical Music | 0 | 1 | 0 | 0 | 10 | 75 | 75.00 | 0 | 0 | 3.80 | 7.50 |
| Fine Arts - Other | 0 | 1 | 0 | 0 | 10 | 143 | 143.00 | 0 | 0 | 0.00 | 5.00 |
| Other Academic | 0 | 1 | 0 | 0 | 10 | 88 | 88.00 | 0 | 0 | 17.41 | 50.00 |
| Science - Chemistry | 0 | 1 | 0 | 0 | 10 | 60 | 60.00 | 0 | 1 | 4.92 | 9.17 |
| Science - Other | 0 | 1 | 0 | 0 | 10 | 99 | 99.00 | 0 | 0 | 1.82 | 6.67 |
| Literature - World | 0 | 1 | 1 | 0 | 5 | 90 | 90.00 | 0 | 0 | 3.48 | 3.00 |